Normal view
MARC view
- Public Finance
Entry Topical Term
001 - CONTROL NUMBER
- control field: 122630
003 - CONTROL NUMBER IDENTIFIER
- control field: NUST
005 - DATE AND TIME OF LATEST TRANSACTION
- control field: 20240514095731.0
008 - FIXED-LENGTH DATA ELEMENTS
- fixed length control field: 240514|| aca||aabn | a|a d
040 ## - CATALOGING SOURCE
- Original cataloging agency: NUST
- Transcribing agency: NUST
150 ## - HEADING--TOPICAL TERM
- Topical term or geographic name entry element: Public Finance
670 ## - SOURCE DATA FOUND
- Source citation: Work cat.: (NUST): Rosen. S Harvey 122629, Public Finance, 1999.
